000 00456nam a2200157Ia 4500
008 210716s2008 xx 000 0 und d
020 _a9788177581218
041 _aeng
082 _a005.30287 DESS
100 _aDesikan, Srinivasan; Ramesh, Gopalaswamy.
245 _aSoftware testing: principles and practices
_bPrinciples and practices
250 _a1
260 _aNew Delhi
_bPearson Education
_c2008
300 _a486
650 _aSoftware Testing
999 _c188519
_d188519